| 000 | 00931nam a22002537a 4500 | ||
|---|---|---|---|
| 001 | BRCA_9348 | ||
| 003 | FranzMayer | ||
| 005 | 20230918131418.0 | ||
| 008 | 230908b |||||||| |||| 00| 0 eng d | ||
| 040 |
_aMFM _bESPAÑOL _cMFM |
||
| 050 | 0 |
_aND813 _bV35 2013 |
|
| 100 | 1 |
_4Responsable _aValdivieso, Enrique _929738 |
|
| 240 |
_aSacrificio de Isaac _hJuan de Valdés Leal _lEspañol/Inglés |
||
| 245 | 0 |
_aSacrificio de Isaac _bJuan de Valdés Leal |
|
| 260 |
_aMadrid, España _bGrupo Villar MIr _c2013 |
||
| 300 |
_a145 p _bIlustraciones a color _c32 cm |
||
| 500 | _aAnexo 1 | ||
| 505 | _aTexto en: español e inglésIncluye índice temáticoDirigido a: artistas, historiadores de arte. | ||
| 650 | 1 |
_2Valdes Leal, Juan de _a1622-1690 _vExposiciones _929739 |
|
| 651 | 2 |
_2Arte barroco _aExposiciones _vEspaña _929740 |
|
| 700 | 1 |
_4Trad _aMatthews, Wade _929741 |
|
| 700 | 1 |
_4Maque _aLalanda, Amaya _929742 |
|
| 942 |
_2lcc _cB |
||
| 999 |
_c11060 _d11060 |
||